US States By Category #1 - Statistics

General Stats
  • This quiz has been taken 59 times
    57 since last reset
  • The average score is 47 of 50
Answer Stats
Answer % Correct
California
100%
California
100%
California
100%
California
100%
California
100%
California
100%
Florida
100%
Florida
100%
Florida
100%
Florida
100%
New York
100%
New York
100%
New York
100%
Texas
100%
Texas
100%
Texas
100%
Texas
100%
Texas
100%
Alaska
96%
Alaska
96%
Alaska
96%
Alaska
96%
Arizona
96%
Arizona
96%
New Mexico
96%
New Mexico
96%
New Mexico
96%
New Mexico
96%
Colorado
94%
Colorado
94%
Minnesota
94%
Montana
94%
Montana
94%
Washington
94%
Illinois
92%
Illinois
92%
Maine
92%
Minnesota
92%
Wyoming
92%
Wyoming
92%
Utah
90%
Utah
90%
Utah
90%
Nevada
88%
Nevada
88%
Idaho
86%
Pennsylvania
80%
Kansas
71%
Wisconsin
71%
Louisiana
67%
No matching quizzes found
Score Distribution
Percent of People with Each Score
Percentile by Number Answered
Your Score History
You have not taken this quiz since the last reset